The potato /

Bibliographic Details
Main Author: Gilbert, Arthur Witter, 1882-1936
Other Authors: Barrus, Mortier Franklin, Dean, Daniel
Format: Book
Language:English
Published: New York : The Macmillan company, 1917.
Subjects:

MARC

Tag First Indicator Second Indicator Subfields
LEADER 00000cam a2200000 4500
001 in00000048824
005 20151007075700.0
008 750828s1917 nyuaf b 00010 eng
010 |a  17010445  
035 |a (OCoLC)01577354 
035 |9 AAF3650AM 
040 |a DLC  |c FQG  |d TXA  |d UtOrBLW 
049 |a TXAM  |c 1 [9269]  
050 0 0 |a SB211.P8  |b G6 
092 |a 633.491  |b G464p 
100 1 |a Gilbert, Arthur Witter,  |d 1882-1936. 
245 1 4 |a The potato /  |c by Arthur W. Gilbert ... assisted by Mortier F. Barrus ... and Daniel Dean ... 
264 1 |a New York :  |b The Macmillan company,  |c 1917. 
300 |a xii pages, 1 ., 318 pages :  |b illustrations plates, diagrams ;  |c 20 cm. 
336 |a text  |b txt  |2 rdacontent 
337 |a unmediated  |b n  |2 rdamedia 
338 |a volume  |b nc  |2 rdacarrier 
500 |a "References" at end of most of the chapters. 
650 0 |a Potatoes. 
700 1 |a Barrus, Mortier Franklin. 
700 1 |a Dean, Daniel. 
999 |a MARS 
999 f f |s 0d079ad8-e83f-3971-be07-d5e37a42ba79  |i 94c3fa44-e95c-3f2f-8ae4-c910e08f342b  |t 0 
952 f f |p ric  |a Texas A&M University  |b Rellis Campus  |c Joint Library Facility  |d Remote Storage  |t 0  |e SB211.P8 G6  |h Library of Congress classification  |i unmediated -- volume  |m A14801073728 
998 f f |a SB211.P8 G6  |t 0  |l Remote Storage